[Event "FRA-chT Top 12"]
[Site "Montpellier"]
[Date "2015.06.07"]
[Round "9.6"]
[White "Fougerit, Valentin"]
[Black "Moussard, Jules"]
[Result "0-1"]
[WhiteElo "2225"]
[BlackElo "2444"]
[PlyCount "84"]
[EventDate "2015.05.30"]
[EventType "team-tourn"]
[EventRounds "11"]
[EventCountry "FRA"]
[SourceTitle "CBM 166 Extra"]
[Source "ChessBase"]
[SourceDate "2015.06.18"]
[SourceVersion "1"]
[SourceVersionDate "2015.06.18"]
[SourceQuality "1"]
[WhiteTeam "Poitiers Migne"]
[BlackTeam "Evry Grand Roque"]
[WhiteTeamCountry "FRA"]
[BlackTeamCountry "FRA"]

1. e4 g6 2. d4 Bg7 3. Nc3 d6 4. Be3 a6 5. Qd2 Nd7 6. 0-0-0 b5 7. h4 h5 8. Nh3 Bb7 9. Ng5 Rc8 10. f4 Nh6 11. e5 Nb6 12. Bd3 b4 13. Ne2 Nd5 14. f5 gxf5 15. Ng3 e6 16. Nxh5 Bf8 17. Be2 c5 18. Rhf1 c4 19. c3 Qa5 20. Kb1 bxc3 21. bxc3 Ng8 22. Rc1 Qb6+ 23. Ka1 dxe5 24. Rb1 Qa7 25. Bg1 e4 26. g4 Rxh5 27. gxf5 Rxh4 28. Qe1 Rh1 29. Nxf7 Ngf6 30. fxe6 Rc6 31. Qg3 Rxe6 32. Ng5 Rb6 33. Rbe1 Bd6 34. Qg2 Ba3 35. Rb1 Rxg1 36. Qxg1 Nxc3 37. Nh7 Nxe2 38. Qg6+ Kd8 39. Rxb6 Qxb6 40. Qxf6+ Qxf6 41. Nxf6 c3 42. d5 e3 0-1

[Event "FRA-ch U26 rapid"]
[Site "Chalons en Champagne"]
[Date "2015.03.29"]
[Round "8"]
[White "Fougerit, Valentin"]
[Black "Selebran, Henri"]
[Result "1/2-1/2"]
[WhiteElo "2360"]
[BlackElo "2150"]
[PlyCount "73"]
[EventDate "2015.03.28"]
[EventType "swiss (rapid)"]
[EventRounds "9"]
[EventCountry "FRA"]
[SourceTitle "CBM 165 Extra"]
[Source "ChessBase"]
[SourceDate "2015.04.21"]
[SourceVersion "1"]
[SourceVersionDate "2015.04.21"]
[SourceQuality "1"]

1. e4 e5 2. Nf3 d6 3. Bc4 Be7 4. 0-0 Nf6 5. d3 0-0 6. Re1 c6 7. Bb3 Bg4 8. h3 Be6 9. c4 Nbd7 10. Nc3 Qc7 11. d4 exd4 12. Nxd4 Nc5 13. Nxe6 fxe6 14. Bc2 Nfd7 15. b4 Na6 16. a3 Bf6 17. Bd2 Nb6 18. Qe2 Rae8 19. Rac1 Qd7 20. Nd1 Nc7 21. Qd3 g6 22. Bb3 Qe7 23. Rc2 Nd7 24. Be3 c5 25. Rd2 Be5 26. Bh6 Rf7 27. Ne3 Bd4 28. Nc2 Qh4 29. Be3 e5 30. Ree2 Ne6 31. Ne1 Nf4 32. Bxf4 Qxf4 33. Ba4 Ref8 34. Bxd7 Rxd7 35. Nc2 Rdf7 36. Ne3 Qh4 37. Qc2 1/2-1/2

[Event "FRA-ch U26 rapid"]
[Site "Chalons en Champagne"]
[Date "2015.03.28"]
[Round "1"]
[White "Fougerit, Valentin"]
[Black "Haller, Noemie"]
[Result "1-0"]
[WhiteElo "2360"]
[BlackElo "1610"]
[PlyCount "43"]
[EventDate "2015.03.28"]
[EventType "swiss (rapid)"]
[EventRounds "9"]
[EventCountry "FRA"]
[SourceTitle "CBM 165 Extra"]
[Source "ChessBase"]
[SourceDate "2015.04.21"]
[SourceVersion "1"]
[SourceVersionDate "2015.04.21"]
[SourceQuality "1"]

1. e4 c5 2. Nf3 d6 3. Bb5+ Nc6 4. c3 a6 5. Ba4 b5 6. Bc2 Bb7 7. 0-0 Nf6 8. Re1 g6 9. d3 Bg7 10. Nbd2 0-0 11. Nf1 d5 12. e5 Nd7 13. d4 e6 14. Bg5 Qb6 15. Qd2 b4 16. Bh6 cxd4 17. Bxg7 Kxg7 18. cxd4 a5 19. Ng3 a4 20. Nh5+ Kh8 21. Qh6 f6 22. Qg7# 1-0

[Event "FRA-ch U26 rapid"]
[Site "Chalons en Champagne"]
[Date "2015.03.28"]
[Round "3"]
[White "Fougerit, Valentin"]
[Black "Loiseau, Quentin"]
[Result "1-0"]
[WhiteElo "2360"]
[BlackElo "2630"]
[PlyCount "119"]
[EventDate "2015.03.28"]
[EventType "swiss (rapid)"]
[EventRounds "9"]
[EventCountry "FRA"]
[SourceTitle "CBM 165 Extra"]
[Source "ChessBase"]
[SourceDate "2015.04.21"]
[SourceVersion "1"]
[SourceVersionDate "2015.04.21"]
[SourceQuality "1"]

1. e4 e5 2. Nf3 Nc6 3. Bc4 Bc5 4. c3 Nf6 5. d3 0-0 6. b4 Bb6 7. Bb3 d5 8. exd5 Nxd5 9. 0-0 Bg4 10. Bg5 f6 11. Bd2 Kh8 12. Na3 a5 13. b5 Nce7 14. Qe2 a4 15. Bc2 Ng6 16. Rad1 Nh4 17. Nc4 Qd7 18. Nxb6 cxb6 19. Qe4 Bxf3 20. Qxh4 Bxd1 21. Rxd1 f5 22. c4 Nf6 23. Bc3 Rae8 24. Bxa4 Qd6 25. Qg3 Qa3 26. Bb3 e4 27. dxe4 fxe4 28. h4 Rd8 29. Re1 Rd3 30. Re3 Qc1+ 31. Be1 Rxe3 32. Qxe3 Qxe3 33. fxe3 Ng4 34. a4 Nxe3 35. Bf2 Ng4 36. Bxb6 e3 37. Bd1 Nf2 38. Bf3 Re8 39. Bxe3 Rxe3 40. Kxf2 Ra3 41. Bxb7 Rxa4 42. Bd5 Rb4 43. Ke3 g5 44. hxg5 Kg7 45. Kd4 Rb2 46. Kc5 Kg6 47. b6 Kxg5 48. Bc6 Kf6 49. Bb5 Rxg2 50. b7 Rg8 51. Kb6 Ke5 52. Bd7 Rb8 53. Kc7 Rxb7+ 54. Kxb7 Kd4 55. Be6 Kc5 56. Ka6 h5 57. Ka5 h4 58. Ka4 h3 59. Bd5 h2 60. Kb3 1-0

[Event "Syre Memorial op 36th"]
[Site "Issy les Moulineaux"]
[Date "2013.05.12"]
[Round "6"]
[White "Massimi, Pierre"]
[Black "Fougerit, Valentin"]
[Result "1/2-1/2"]
[WhiteElo "1904"]
[BlackElo "2209"]
[PlyCount "176"]
[EventDate "2013.05.08"]
[EventType "swiss"]
[EventRounds "7"]
[EventCountry "FRA"]
[SourceTitle "EXT 2015"]
[Source "ChessBase"]
[SourceDate "2014.11.20"]
[SourceVersion "1"]
[SourceVersionDate "2014.11.20"]
[SourceQuality "1"]

1. e4 e5 2. Nf3 Nf6 3. Nxe5 d6 4. Nf3 Nxe4 5. d4 d5 6. Bd3 Be7 7. 0-0 Nc6 8. c4 Nb4 9. Nc3 Nxc3 10. bxc3 Nxd3 11. Qxd3 0-0 12. cxd5 Qxd5 13. c4 Bf5 14. Qc3 Qd6 15. Bb2 Rfe8 16. Rfe1 Qb4 17. Re5 Qxc3 18. Bxc3 Bd7 19. Re3 Rad8 20. a4 Bd6 21. a5 Bc8 22. Rae1 Rxe3 23. fxe3 Be7 24. e4 c6 25. Rb1 f6 26. Kf2 Kf7 27. Ke3 Ke8 28. h3 Kd7 29. Be1 Bd6 30. c5 Bc7 31. Bc3 Re8 32. Kd3 Ke6 33. d5+ cxd5 34. Nd4+ Kf7 35. exd5 Be5 36. g4 Bxd4 37. Bxd4 h5 38. d6 Ke6 39. Re1+ Kd7 40. Rg1 hxg4 41. Rxg4 Rg8 42. h4 Kc6 43. Rg2 Be6 44. Kc3 Bf7 45. Rb2 Be6 46. h5 Rh8 47. Rg2 Rh7 48. Be3 Bd7 49. Kb4 Rxh5 50. Rxg7 Rh4+ 51. Kb3 Rh3 52. Re7 f5 53. Kc2 Rh2+ 54. Kb3 Rh3 55. Kb2 Rh4 56. Bd2 Rc4 57. Be3 Rb4+ 58. Ka3 Rb1 59. Re5 Ra1+ 60. Kb4 Rb1+ 61. Ka4 b6 62. axb6 axb6 63. Re7 Re1 64. Kb4 Rxe3 65. Rxe3 bxc5+ 66. Kc4 Kxd6 67. Rd3+ Kc6 68. Rh3 Be6+ 69. Kc3 Kd6 70. Rh8 Ke5 71. Rh5 Ke4 72. Rh1 f4 73. Re1+ Kf5 74. Rf1 Bf7 75. Kd3 Ke5 76. Re1+ Kd5 77. Rf1 c4+ 78. Kc3 Ke4 79. Re1+ Kf5 80. Rf1 Bh5 81. Kd4 Be2 82. Re1 f3 83. Ke3 Ke5 84. Rxe2 fxe2 85. Kxe2 Kd4 86. Kd2 c3+ 87. Kc2 Kc4 88. Kc1 Kb3 1/2-1/2

[Event "Syre Memorial op 36th"]
[Site "Issy les Moulineaux"]
[Date "2013.05.10"]
[Round "5"]
[White "Fougerit, Valentin"]
[Black "Smati, Reda"]
[Result "1-0"]
[WhiteElo "2209"]
[BlackElo "2032"]
[PlyCount "45"]
[EventDate "2013.05.08"]
[EventType "swiss"]
[EventRounds "7"]
[EventCountry "FRA"]
[SourceTitle "EXT 2015"]
[Source "ChessBase"]
[SourceDate "2014.11.20"]
[SourceVersion "1"]
[SourceVersionDate "2014.11.20"]
[SourceQuality "1"]

1. e4 c5 2. Nf3 g6 3. d4 Bg7 4. dxc5 Qa5+ 5. Nc3 Bxc3+ 6. bxc3 Qxc3+ 7. Bd2 Qxc5 8. Rb1 d6 9. Bd3 Nf6 10. Rb5 Qc7 11. Bh6 Nbd7 12. 0-0 b6 13. Re1 Ng4 14. Bg7 Rg8 15. Bb2 f6 16. Rb4 Qc5 17. Rc4 Qxf2+ 18. Kh1 Ne3 19. Rxe3 Qxe3 20. Bc1 Qf2 21. Rc3 b5 22. Bxb5 Qb6 23. Qd5 1-0

[Event "Syre Memorial op 36th"]
[Site "Issy les Moulineaux"]
[Date "2013.05.09"]
[Round "2"]
[White "Cotonnec, Melkior"]
[Black "Fougerit, Valentin"]
[Result "1-0"]
[WhiteElo "2415"]
[BlackElo "2209"]
[PlyCount "97"]
[EventDate "2013.05.08"]
[EventType "swiss"]
[EventRounds "7"]
[EventCountry "FRA"]
[SourceTitle "EXT 2015"]
[Source "ChessBase"]
[SourceDate "2014.11.20"]
[SourceVersion "1"]
[SourceVersionDate "2014.11.20"]
[SourceQuality "1"]

1. d4 Nf6 2. c4 e6 3. Nf3 c5 4. d5 b5 5. dxe6 fxe6 6. cxb5 d5 7. Nbd2 Bb7 8. g3 Nbd7 9. Bg2 Bd6 10. 0-0 0-0 11. e4 Qb6 12. Qe2 Bc7 13. Re1 Rae8 14. b3 Ng4 15. Bb2 d4 16. a4 e5 17. Bh3 h5 18. Bg2 Qh6 19. h3 Ngf6 20. Nh4 Ba5 21. Bc1 Qh7 22. f3 Nb6 23. Ba3 Rc8 24. Rec1 Bc3 25. Ra2 Rfd8 26. Qd3 Bd5 27. Rxc3 dxc3 28. Qxc3 Bf7 29. Nf5 Kh8 30. a5 c4 31. Nd6 Rxd6 32. axb6 Rxb6 33. bxc4 Rxb5 34. Bd6 a5 35. Rxa5 Rxa5 36. Qxa5 Bxc4 37. Nxc4 Rxc4 38. Bxe5 Qg6 39. h4 Rc1+ 40. Kh2 Kh7 41. Qd2 Rc6 42. Bh3 Qe8 43. Bf5+ Kh8 44. Qb2 Ra6 45. Kh3 Qd8 46. Qe2 Ra3 47. f4 Qe8 48. Qb2 Ra8 49. Bxf6 1-0

[Event "FRA-chT1A 1112"]
[Site "France"]
[Date "2011.11.12"]
[Round "2.7"]
[White "Fougerit, Valentin"]
[Black "Dutreuil, Raphael"]
[Result "1-0"]
[WhiteElo "2212"]
[BlackElo "1942"]
[PlyCount "82"]
[EventDate "2011.10.16"]
[EventType "team-tourn"]
[EventRounds "11"]
[EventCountry "FRA"]
[SourceTitle "EXT 2013"]
[Source "ChessBase"]
[SourceDate "2012.11.22"]
[SourceVersion "1"]
[SourceVersionDate "2012.11.22"]
[SourceQuality "1"]
[WhiteTeam "Migne Auxences"]
[BlackTeam "Tours"]
[WhiteTeamCountry "FRA"]
[BlackTeamCountry "FRA"]

1. e4 c5 2. Nf3 d6 3. Bb5+ Bd7 4. Bxd7+ Qxd7 5. c4 Nf6 6. Nc3 Nc6 7. d4 cxd4 8. Nxd4 g6 9. f3 Bg7 10. Be3 0-0 11. 0-0 Rac8 12. Nde2 b6 13. Qd2 Qb7 14. Rfd1 Rfd8 15. Rac1 Ne5 16. b3 Nfd7 17. Nf4 Nc5 18. Qe2 a5 19. Nfd5 Rd7 20. Bd4 e6 21. Ne3 Ned3 22. Rxd3 Nxd3 23. Qxd3 e5 24. Bxb6 Qxb6 25. Rd1 Bh6 26. Ncd5 Bxe3+ 27. Kf1 Qd4 28. Nxe3 Qxd3+ 29. Rxd3 a4 30. b4 Rb7 31. a3 Rc6 32. g4 Rd7 33. Rd5 Ra7 34. Kg2 Kf8 35. Kf2 Ke7 36. Ke2 Ke6 37. Kd3 Ra8 38. Rb5 h5 39. g5 f6 40. Nd5 fxg5 41. Rb7 Re8 1-0

[Event "FRA-chT1 1011"]
[Site "France"]
[Date "2010.11.13"]
[Round "2.7"]
[White "Fougerit, Valentin"]
[Black "Coste, Thierry"]
[Result "1-0"]
[WhiteElo "2208"]
[BlackElo "2193"]
[PlyCount "113"]
[EventDate "2010.10.17"]
[EventType "team-tourn"]
[EventRounds "11"]
[EventCountry "FRA"]
[SourceTitle "EXT 2012"]
[Source "ChessBase"]
[SourceDate "2011.11.24"]
[SourceVersion "1"]
[SourceVersionDate "2011.11.24"]
[SourceQuality "1"]

1. e4 c5 2. Nf3 g6 3. d4 cxd4 4. Qxd4 Nf6 5. Nc3 Nc6 6. Qa4 d6 7. e5 dxe5 8. Nxe5 Qd4 9. Nxc6 Qxa4 10. Nxa4 bxc6 11. Bd3 e5 12. 0-0 Bd6 13. Bg5 Nd5 14. Rad1 h6 15. Bc1 Ke7 16. Rfe1 f5 17. b3 Be6 18. Bb2 e4 19. Bxh8 exd3 20. Be5 dxc2 21. Bxd6+ Kxd6 22. Rd2 f4 23. Rxc2 Bf5 24. Rc5 Rc8 25. Ra5 Rc7 26. Nc5 Nc3 27. b4 Rf7 28. Nb3 Be6 29. Rc5 Bxb3 30. axb3 Nd5 31. Rd1 g5 32. Kf1 Re7 33. Rc4 Rb7 34. Re4 Rb5 35. Rdd4 a5 36. bxa5 Rxa5 37. Re8 Ra2 38. Rh8 Ke5 39. Rc4 Rb2 40. Rxh6 f3 41. Rhxc6 fxg2+ 42. Kxg2 Nf4+ 43. Kg3 Rxb3+ 44. Kg4 Ne6 45. Re4+ Kxe4 46. Rxe6+ Kd5 47. Re2 Kd6 48. Kxg5 Rh3 49. f4 Kd7 50. f5 Rh8 51. Kg6 Rg8+ 52. Kf7 Rg5 53. Rd2+ Kc8 54. f6 Rg1 55. h4 Rh1 56. Rg2 Rxh4 57. Kg8 1-0

[Event "FRA-chT1 0910"]
[Site "France"]
[Date "2009.11.22"]
[Round "5.5"]
[White "Fougerit, Valentin"]
[Black "Fayard, Alain"]
[Result "1/2-1/2"]
[WhiteElo "2239"]
[BlackElo "2253"]
[PlyCount "99"]
[EventDate "2009.09.27"]
[EventType "team-tourn"]
[EventRounds "11"]
[EventCountry "FRA"]
[SourceTitle "EXT 2011"]
[Source "ChessBase"]
[SourceDate "2010.11.26"]
[SourceVersion "1"]
[SourceVersionDate "2010.11.26"]
[SourceQuality "1"]

1. e4 e5 2. Nf3 Nf6 3. Nxe5 d6 4. Nf3 Nxe4 5. c4 Be7 6. d4 0-0 7. Bd3 d5 8. 0-0 Nc6 9. cxd5 Qxd5 10. Nc3 Nxc3 11. bxc3 Bg4 12. Rb1 a6 13. h3 Bh5 14. Re1 Rab8 15. Be4 Qd6 16. Rb3 Qd7 17. Ne5 Bxd1 18. Nxd7 Bxb3 19. axb3 Bd6 20. Nxb8 Rxb8 21. Kf1 h6 22. Be3 Ne7 23. b4 c6 24. Bd2 Nd5 25. Rb1 Re8 26. Bf3 Kf8 27. c4 Nc7 28. Ra1 Be7 29. b5 axb5 30. c5 Ne6 31. Be3 Rd8 32. Ra7 Nxd4 33. Bxd4 Rxd4 34. Rxb7 Bxc5 35. Bxc6 b4 36. Rd7 Rf4 37. Rd2 Rc4 38. Ba4 Rc3 39. Rb2 Ke7 40. Ke2 Kd6 41. Bb3 f5 42. Bf7 f4 43. Bg6 Ke5 44. Bf7 Be7 45. Rd2 Ra3 46. Rd3 Ra1 47. Bg8 Rb1 48. Rd5+ Kf6 49. Rd2 b3 50. Rd1 1/2-1/2

[Event "FRA-ch U18"]
[Site "La Roche sur Yon"]
[Date "2008.04.24"]
[Round "6"]
[White "Fougerit, Valentin"]
[Black "Favarel, Antoine"]
[Result "1-0"]
[WhiteElo "2208"]
[BlackElo "2065"]
[PlyCount "83"]
[EventDate "2008.04.21"]
[EventType "swiss"]
[EventRounds "9"]
[EventCountry "FRA"]
[SourceTitle "EXT 2010"]
[Source "ChessBase"]
[SourceDate "2010.11.25"]
[SourceVersion "1"]
[SourceVersionDate "2010.11.25"]
[SourceQuality "1"]

1. e4 c5 2. Nf3 Nc6 3. Bb5 g6 4. Bxc6 dxc6 5. d3 Bg7 6. h3 Nf6 7. Nc3 Nd7 8. Be3 e5 9. Qd2 Qe7 10. 0-0 Nf8 11. a3 Ne6 12. Ne2 Nd4 13. Nh2 0-0 14. b4 Rd8 15. Kh1 c4 16. Nxd4 exd4 17. Bg5 f6 18. Bh4 c3 19. Qc1 g5 20. Bg3 a5 21. Nf3 Be6 22. Qb1 axb4 23. axb4 b5 24. Rxa8 Rxa8 25. Nxd4 Ba2 26. Nf5 Bxb1 27. Nxe7+ Kf7 28. Rxb1 Kxe7 29. f3 Ra2 30. Rc1 f5 31. Kg1 Bd4+ 32. Bf2 Bxf2+ 33. Kxf2 f4 34. Ke2 Rb2 35. d4 Rxb4 36. Kd3 c5 37. dxc5 Rc4 38. Rb1 Rxc5 39. Rb3 h6 40. Rxc3 Re5 41. Rc6 h5 42. Kd4 1-0

[Event "FRA-ch U18"]
[Site "La Roche sur Yon"]
[Date "2008.04.23"]
[Round "5"]
[White "Fougerit, Valentin"]
[Black "Jouneau, Quentin"]
[Result "1/2-1/2"]
[WhiteElo "2208"]
[BlackElo "1977"]
[PlyCount "53"]
[EventDate "2008.04.21"]
[EventType "swiss"]
[EventRounds "9"]
[EventCountry "FRA"]
[SourceTitle "EXT 2010"]
[Source "ChessBase"]
[SourceDate "2010.11.25"]
[SourceVersion "1"]
[SourceVersionDate "2010.11.25"]
[SourceQuality "1"]

1. Nf3 Nf6 2. c4 c6 3. b3 d5 4. Bb2 Bf5 5. g3 e6 6. Bg2 Nbd7 7. 0-0 Qb6 8. Qc1 Be7 9. d3 0-0 10. Nbd2 Rac8 11. Qc2 Bd6 12. Rac1 e5 13. Qb1 h6 14. Nh4 Bh7 15. Bh3 Rcd8 16. Nf5 Bb4 17. Rcd1 Rfe8 18. Qa1 Bf8 19. cxd5 cxd5 20. Rc1 Qa5 21. Bc3 Qa6 22. Nf3 d4 23. Bb2 g6 24. N5h4 g5 25. Bxd7 Rxd7 26. Ng2 Nd5 27. a3 1/2-1/2

[Event "FRA-chT1A 0708"]
[Site "France"]
[Date "2008.02.09"]
[Round "6.6"]
[White "Fougerit, Valentin"]
[Black "Godard, Maxence"]
[Result "1/2-1/2"]
[WhiteElo "2205"]
[BlackElo "2332"]
[PlyCount "81"]
[EventDate "2007.10.21"]
[EventType "team-tourn"]
[EventRounds "11"]
[EventCountry "FRA"]
[SourceTitle "EXT 2009"]
[Source "ChessBase"]
[SourceDate "2008.11.26"]
[SourceVersion "1"]
[SourceVersionDate "2008.11.26"]
[SourceQuality "1"]
[WhiteTeam "Migne Auxances"]
[BlackTeam "Deauville"]
[WhiteTeamCountry "FRA"]
[BlackTeamCountry "FRA"]

1. e4 c6 2. d4 d5 3. Nd2 dxe4 4. Nxe4 Nd7 5. Nf3 Ngf6 6. Nxf6+ Nxf6 7. c3 Bg4 8. Bd3 e6 9. 0-0 Qc7 10. Re1 Be7 11. Bg5 0-0 12. Bh4 Rfd8 13. Qe2 c5 14. Bg3 Qb6 15. Be5 cxd4 16. Bxd4 Qc6 17. Rad1 Bxf3 18. Qxf3 Qxf3 19. gxf3 Kf8 20. Re2 Rd5 21. Re5 Rxe5 22. Bxe5 Rd8 23. Bd4 b6 24. a4 Rd5 25. Bc4 Rd6 26. Ra1 a5 27. Re1 Nd7 28. Bb5 Bf6 29. Be3 Ne5 30. Kg2 Ng6 31. f4 Nh4+ 32. Kg3 Nf5+ 33. Kf3 Nxe3 34. fxe3 Rd2 35. Re2 Rd1 36. Rc2 g5 37. Be2 Ra1 38. Bb5 Rd1 39. Be2 Ra1 40. Bb5 Rd1 41. Be2 1/2-1/2

[Event "FRA-chT1A 0708"]
[Site "France"]
[Date "2007.12.16"]
[Round "5.5"]
[White "Fougerit, Valentin"]
[Black "Roman, Dimitri"]
[Result "0-1"]
[WhiteElo "2204"]
[BlackElo "2083"]
[PlyCount "62"]
[EventDate "2007.10.21"]
[EventType "team-tourn"]
[EventRounds "11"]
[EventCountry "FRA"]
[SourceTitle "EXT 2009"]
[Source "ChessBase"]
[SourceDate "2008.11.26"]
[SourceVersion "1"]
[SourceVersionDate "2008.11.26"]
[SourceQuality "1"]
[WhiteTeam "Migne Auxances"]
[BlackTeam "Chess XV"]
[WhiteTeamCountry "FRA"]
[BlackTeamCountry "FRA"]

1. e4 e5 2. Nf3 Nc6 3. Be2 Nf6 4. d3 Be7 5. 0-0 0-0 6. Re1 d5 7. exd5 Nxd5 8. h3 f5 9. Bf1 Bd6 10. c4 Nf6 11. Nc3 Qe8 12. d4 e4 13. d5 Ne5 14. Nd4 Qg6 15. Kh1 Nh5 16. Ndb5 f4 17. Nxd6 cxd6 18. Nxe4 f3 19. g3 Bf5 20. Ng5 h6 21. Ne6 Nxg3+ 22. fxg3 Bxh3 23. Nf4 Rxf4 24. Bxf4 Bg4 25. Rxe5 dxe5 26. Qd2 exf4 27. gxf4 Re8 28. Bd3 Qf6 29. Rg1 Bh3 30. Bf1 Bxf1 31. Rxf1 Re2 0-1

[Event "FRA-ch U18"]
[Site "Le Grand Bornand"]
[Date "2007.04.09"]
[Round "2"]
[White "Poignot, Quentin"]
[Black "Fougerit, Valentin"]
[Result "1-0"]
[WhiteElo "1952"]
[BlackElo "2216"]
[PlyCount "65"]
[EventDate "2007.04.07"]
[EventType "swiss"]
[EventRounds "9"]
[EventCountry "FRA"]
[SourceTitle "CBM 118 Extra"]
[Source "ChessBase"]
[SourceDate "2007.07.04"]
[SourceVersion "1"]
[SourceVersionDate "2007.07.04"]
[SourceQuality "1"]

1. e4 e5 2. d4 exd4 3. Qxd4 Nc6 4. Qe3 Nf6 5. Nc3 Bb4 6. Bd2 0-0 7. 0-0-0 Re8 8. Qg3 d5 9. exd5 Ne7 10. Bc4 Nf5 11. Qd3 Nd6 12. Bb3 b5 13. Nf3 Bc5 14. Nd4 Bxd4 15. Qxd4 Nfe4 16. Nxe4 Rxe4 17. Qc5 a5 18. a3 Bd7 19. Rhe1 b4 20. Rxe4 Nxe4 21. Qd4 Nxd2 22. Qxd2 bxa3 23. bxa3 a4 24. Ba2 Rb8 25. d6 Qf6 26. Qd4 Qg5+ 27. f4 c5 28. fxg5 cxd4 29. Rxd4 Rc8 30. Rc4 Rd8 31. Rd4 Bc6 32. Bd5 Rxd6 33. Bxf7+ 1-0

[Event "FRA-ch U18"]
[Site "Le Grand Bornand"]
[Date "2007.04.08"]
[Round "1"]
[White "Fougerit, Valentin"]
[Black "Lacour, Cedric"]
[Result "1-0"]
[WhiteElo "2216"]
[BlackElo "1906"]
[PlyCount "29"]
[EventDate "2007.04.07"]
[EventType "swiss"]
[EventRounds "9"]
[EventCountry "FRA"]
[SourceTitle "CBM 118 Extra"]
[Source "ChessBase"]
[SourceDate "2007.07.04"]
[SourceVersion "1"]
[SourceVersionDate "2007.07.04"]
[SourceQuality "1"]

1. e4 Nf6 2. e5 Nd5 3. d4 d6 4. Bc4 Nb6 5. Bb3 Nc6 6. e6 fxe6 7. Nf3 e5 8. dxe5 d5 9. Nc3 Bg4 10. Nxd5 Nxe5 11. Bf4 Nxd5 12. Bxd5 c6 13. Nxe5 Qa5+ 14. Qd2 Qxd2+ 15. Bxd2 1-0

[Event "FRA-chT1A 0607"]
[Site "France"]
[Date "2007.02.11"]
[Round "11.6"]
[White "Julve, Philippe"]
[Black "Fougerit, Valentin"]
[Result "1-0"]
[WhiteElo "2236"]
[BlackElo "2212"]
[PlyCount "63"]
[EventDate "2006.10.15"]
[EventType "team-tourn"]
[EventRounds "11"]
[EventCountry "FRA"]
[SourceTitle "EXT 2008"]
[Source "ChessBase"]
[SourceDate "2007.11.25"]
[SourceVersion "1"]
[SourceVersionDate "2007.11.25"]
[SourceQuality "1"]
[WhiteTeam "Lille"]
[BlackTeam "Migne Auxances"]
[WhiteTeamCountry "FRA"]
[BlackTeamCountry "FRA"]

1. d4 Nf6 2. c4 e6 3. Nc3 Bb4 4. e3 b6 5. Nge2 Ba6 6. a3 Bxc3+ 7. Nxc3 d5 8. Qf3 0-0 9. Be2 Nc6 10. b4 Bb7 11. Bb2 Re8 12. Qg3 a5 13. b5 Ne7 14. 0-0 Nf5 15. Qh3 Ne4 16. Rfd1 Qf6 17. Nxe4 dxe4 18. Rd2 Qg5 19. Rc1 Rad8 20. Rdc2 Nh4 21. Qg3 Qe7 22. c5 Rd5 23. cxb6 Rg5 24. Rxc7 Rxg3 25. hxg3 Qd8 26. Rxb7 Nf5 27. Rbc7 Qb8 28. b7 Nd6 29. b6 Nxb7 30. Ba6 Nd6 31. R1c6 Qa8 32. b7 1-0

[Event "FRA-chT1A 0607"]
[Site "France"]
[Date "2006.12.06"]
[Round "4.4"]
[White "Fougerit, Valentin"]
[Black "Bodson, Jordane"]
[Result "1-0"]
[WhiteElo "2212"]
[BlackElo "2151"]
[PlyCount "51"]
[EventDate "2006.10.15"]
[EventType "team-tourn"]
[EventRounds "11"]
[EventCountry "FRA"]
[SourceTitle "EXT 2008"]
[Source "ChessBase"]
[SourceDate "2007.11.25"]
[SourceVersion "1"]
[SourceVersionDate "2007.11.25"]
[SourceQuality "1"]
[WhiteTeam "Migne Auxances"]
[BlackTeam "Nantes"]
[WhiteTeamCountry "FRA"]
[BlackTeamCountry "FRA"]

1. e4 c5 2. Nf3 d6 3. Bb5+ Bd7 4. Bxd7+ Nxd7 5. 0-0 Ngf6 6. Qe2 e6 7. c4 Be7 8. Nc3 0-0 9. d4 cxd4 10. Nxd4 a6 11. b3 Qc7 12. Bb2 Rad8 13. Rad1 Nb6 14. f4 d5 15. cxd5 exd5 16. e5 Ne8 17. Qh5 g6 18. Qh6 Ng7 19. Rf3 Rfe8 20. Rh3 Nh5 21. Rxh5 gxh5 22. Nf5 Bf8 23. Qg5+ Kh8 24. Ne4 Qc2 25. Rd2 Qxe4 26. e6+ 1-0

[Event "FRA-chT1A 0607"]
[Site "France"]
[Date "2006.10.15"]
[Round "1.5"]
[White "Flament, Alexandre"]
[Black "Fougerit, Valentin"]
[Result "1-0"]
[WhiteElo "2092"]
[BlackElo "2212"]
[PlyCount "45"]
[EventDate "2006.10.15"]
[EventType "team-tourn"]
[EventRounds "11"]
[EventCountry "FRA"]
[SourceTitle "EXT 2008"]
[Source "ChessBase"]
[SourceDate "2007.11.25"]
[SourceVersion "1"]
[SourceVersionDate "2007.11.25"]
[SourceQuality "1"]
[WhiteTeam "Niort"]
[BlackTeam "Migne Auxances"]
[WhiteTeamCountry "FRA"]
[BlackTeamCountry "FRA"]

1. d4 Nf6 2. Nf3 e6 3. e3 c5 4. Bd3 Be7 5. 0-0 b6 6. b3 Bb7 7. Nbd2 0-0 8. Bb2 Qc7 9. Re1 Nc6 10. a3 Rac8 11. c4 cxd4 12. exd4 d6 13. Qe2 Nb8 14. d5 e5 15. Nxe5 Nxd5 16. Qh5 Nf6 17. Qh3 dxe5 18. Bxe5 Qd7 19. Bf5 Qxd2 20. Bxf6 g6 21. Rxe7 Rce8 22. Bxg6 h6 23. Qf5 1-0

[Event "Condom op 5th"]
[Site "Condom"]
[Date "2006.07.11"]
[Round "5"]
[White "Fougerit, Valentin"]
[Black "Meijers, Viesturs"]
[Result "1/2-1/2"]
[WhiteElo "2188"]
[BlackElo "2474"]
[PlyCount "71"]
[EventDate "2006.07.08"]
[EventType "swiss"]
[EventRounds "9"]
[EventCountry "FRA"]
[SourceTitle "CBM 113 Extra"]
[Source "ChessBase"]
[SourceDate "2006.09.14"]
[SourceVersion "1"]
[SourceVersionDate "2006.09.14"]
[SourceQuality "1"]

1. e4 c5 2. Nf3 e6 3. b3 a6 4. Bb2 d6 5. c4 Nf6 6. Nc3 Nbd7 7. Bd3 b6 8. Rc1 Bb7 9. Qe2 g6 10. 0-0 Bg7 11. Bb1 0-0 12. d4 cxd4 13. Nxd4 Qc7 14. Rfd1 Rfd8 15. a3 Rac8 16. Ba2 Ba8 17. f3 Bh6 18. Rc2 Qa7 19. Qf2 Re8 20. Re2 Rb8 21. Kh1 Bg7 22. Red2 Bh6 23. Re2 Bf4 24. Qh4 d5 25. exd5 exd5 26. cxd5 Nxd5 27. Ne4 Be5 28. b4 Bg7 29. Red2 N5f6 30. Nf5 gxf5 31. Nxf6+ Bxf6 32. Bxf6 Nxf6 33. Qxf6 Qc7 34. Qg5+ Kh8 35. Qf6+ Kg8 36. Qg5+ 1/2-1/2